History of technical innovations in rubber growing and farmer dynamics in Indonesia (Record no. 60464)

MARC details
000 -LEADER
fixed length control field 01181nam a2200145Ia 4500
100 ## - MAIN ENTRY--AUTHOR NAME
Personal name Penot E
245 #0 - TITLE STATEMENT
Title History of technical innovations in rubber growing and farmer dynamics in Indonesia
260 ## - PUBLICATION, DISTRIBUTION, ETC. (IMPRINT)
Name of publisher Plantations, Recherche, Developpement
Year of publication 1999
300 ## - PHYSICAL DESCRIPTION
Number of Pages 230-235
520 ## - SUMMARY, ETC.
Summary, etc The history of the technical innovations seen in Indonesian rubber growing is traced through three main periods: at the turn of the century, the introduction of rubber and the development of rubber agroforests (jungle rubber) by smallholders, from the 1970s onwards, the implementation of monoculture-based development projects, and from 1980 onwards, the adaptation of cropping systems. These new systems combine agroforestry practices and elements taken from monoculture, particularly the development of new smallholder strategies incorporating some of the more intensive technical packages disseminated via projects aimed at developing monoculture plantaitons. Smallholder involvement in the development or adoption of technical innovations is also discussed.
650 ## - SUBJECT ADDED ENTRY--TOPICAL TERM
Topical Term Jungle rubber
650 ## - SUBJECT ADDED ENTRY--TOPICAL TERM
Topical Term Technical innovation
942 ## - ADDED ENTRY ELEMENTS (KOHA)
Koha item type Journals
Holdings
Withdrawn status Lost status Damaged status Not for loan Home library Current library Shelving location Date acquired Serial Enumeration / chronology Koha item type
      Journals RRII Library RRII Library Soils and agonomy 17/12/2021 Volume 6, Issue 4 Journals